000 00942cam a22001934a 4500
005 20250605164045.0
008 250528s ||||||||||||||||||||||||d
035 _a17107
020 _a86091710
040 _aGR-AtMCL
_bgre
_dGR-AtMCL
_eAACR2
245 1 _aLineages of the Absolutist State
260 _bVerso,
_c1974
300 _a576
520 _aA dazzlingly provocative narrative of the two millennium between Pericles and Louis XIV. Foreword, Western Europe, The Absolutist State in the West, Class and State: Problems of Periodization, Spain, France, England, Italy, Sweden, Eastern Europe, The Absolutist State in the East, Nobility and Monarchy: The Eastern Variant, Prussia, Poland, Austria, Russia, The House of Islam, Conclusions, Two Notes, Japanese Feudalism, The ''Asiatic Mode of Production'', Index of Names and Authorities.
700 1 _aAnderson Perry
_93247
942 _cBK
999 _c2547
_d2547